Psychologie spotřebitele
Salvato in:
| Autore principale: | |
|---|---|
| Natura: | Libro |
| Lingua: | ceco |
| Pubblicazione: |
Praha
Grada Publishing
2004
|
| Serie: | Manažer
|
| Soggetti: | |
| Tags: |
Nessun Tag, puoi essere il primo ad aggiungerne!!
|
MARC
| LEADER | 00000nam$a2200000$$$4500 | ||
|---|---|---|---|
| 001 | 0005315 | ||
| 005 | 20240306141622.5 | ||
| 020 | |a 80-247-0393-9 | ||
| 041 | 0 | |a cze | |
| 044 | |a CZ | ||
| 245 | 1 | 0 | |a Psychologie spotřebitele |c Jitka Vysekalová |
| 264 | 1 | |a Praha |b Grada Publishing |c 2004 | |
| 300 | |a 283 s. | ||
| 490 | 1 | |a Manažer | |
| 830 | 0 | |a Manažer | |
| 610 | 2 | 0 | |a spotrebitelia |
| 610 | 2 | 0 | |a psychológia |
| 610 | 2 | 0 | |a zákazníci |
| 610 | 2 | 0 | |a nákup |
| 610 | 2 | 0 | |a osobnosť |
| 610 | 2 | 0 | |a produkty |
| 610 | 2 | 0 | |a služby |
| 610 | 2 | 0 | |a značky výrobné |
| 610 | 2 | 0 | |a obaly |
| 610 | 2 | 0 | |a ceny |
| 610 | 2 | 0 | |a typológia |
| 100 | 1 | |a Vysekalová, Jitka | |